Score 0/18 Timer 10:00
0 Plays Today
Hint Answer % Correct
1Mark Evans
100%
5Jude Sharp
80%
8Sonny Wright
80%
6Nathan Swift
60%
10Axel Blaze
60%
11Elliot Ember
60%
18Sergi Hernández
60%
3Caleb Stonewall
60%
7Erik Eagle
60%
Hint Answer % Correct
13Ichihoshi Hikaru
40%
14Heath Moore
40%
Arthur
40%
2Lus Kasim
20%
9Froy Girikanan
20%
16Byron Love
20%
4Li Hao
0%
17Malik Kuabel
0%
Petronio Patti
0%

You're not logged in!

Compare scores with friends on all Sporcle quizzes.
OR
Log In

Sporcle TV

Today on Sporcle TV


Watch our educational content, quiz creation guides, and fun videos on Sporcle TV.

Show Comments

Extras

Created Sep 21, 2019ReportNominate
Tags:eleven

Top Quizzes Today


Score Distribution

Paid Content

Your Account Isn't Verified!

In order to create a playlist on Sporcle, you need to verify the email address you used during registration. Go to your Sporcle Settings to finish the process.

Report this User

Report this user for behavior that violates our Community Guidelines.

Details: